แสดงรายละเอียดบรรณานุกรม
  กลับหน้าหลัก

Brief Record : Get Marc (ISO 2709) : E-mail record : QR code ปิดหน้าต่าง
E-books : เกี่ยวกับ Collections
LEADER 00000nam 2200000uu 4500
001    208671
003     ULIBM
008    121114s2554||||th 000 0 tha d
020    ^a9786167318295
040    ^abcnkk
041 0  ^atha.
060 04 WK810^bท596บ 2554
100 0  ^aเทพ หิมะทองคำ
245 10 ^aเบาหวานฉบับเทพ /^cเทพ หิมะทองคำ ; ธัญญา วรรณพฤกษ์,เรียบเรียง ; บรรณาธิการ, พงษ์เทพ แสงซื่อ
250    ^aพิมพ์ครั้งที่ 1
260    ^aกรุงเทพฯ :^bพีเพิลมีเดีย,^c2554
300    ^a224 หน้า :^bภาพประกอบ ;^c21 ซม
650  4 ^aเบาหวาน
700 0  ^aธัญญา วรรณพฤกษ์
700 0  ^aพงษ์เทพ แสงซื่อ,^eบรรณาธิการ
999    ^aใช้งานได้ทุกระบบ
รายการนี้ยังไม่มีแท็ก
คุณยังไม่ได้ล็อกอิน คุณสามารถมีกิจกรรมร่วมกับเว็บไซต์ได้ แต่ต้องล็อกอินก่อน ::
  ล็อกอิน
ลำดับที่ ประเภท เลขเรียก สถานที่ สถานะ
1. หนังสือทั่วไป
หนังสือทั่วไป
สถานะ=หนังสือเก่า - บริการ ณ ห้องสมุด (ห้องเหลือง)
WK810 ท596บ 2554 ฉ.2 
  
ห้องสมุด หอพักนักศึกษา (ห้องเหลือง) On Shelf
  ขอยืม
2. หนังสือทั่วไป
หนังสือทั่วไป
สถานะ=หนังสือเก่า - บริการ ณ ห้องสมุด (ห้องเหลือง)
WK810 ท596บ 2554 ฉ.3 
  
ห้องสมุด หอพักนักศึกษา (ห้องเหลือง) On Shelf
  ขอยืม
   [แสดง 2/2 รายการ]

รายการใกล้เคียง
    หัวเรื่อง [เบาหวาน]

BibComment


ยังไม่เคยถูกคอมเมนท์

คอมเมนท์ทรัพยากรรายการนี้
  คอมเมนท์: เบาหวานฉบับเทพ ..
Bib 208671

 
 
 

 Union Library Management : ULibM
Copyright 2026. All Rights Reserved.
скачать бесплатно без регистрации порно красивый секс HD Sex Hindi sex

xxx gou

xxxx

bfxxx

xxxwww

Секса Видео

xxxx

Секса Видео

detube

geilexxx

C99 Shell

worms shell

blod xxx video
Ebony Coed Rihanna Rimes Takes A Dick In Her Young Twat priyaa indian fuck anal and pusssy hardcore indian women xxx desi hardcore fucking part 1 bengalixxxcouple